AC Milan Squad 2012-2013 - Statistics

General Stats
  • This quiz has been taken 86 times
  • The average score is 19 of 37
Answer Stats
# Position Nation Player % Correct
32 GK Italy Christian Abbiati
90%
10 MF Ghana Kevin-Prince Boateng
88%
9 FW Brazil Alexandre Pato
87%
5 DF France Philippe Mexès
85%
7 FW Brazil Robinho
85%
4 MF Ghana Sulley Muntari
81%
92 FW Italy Stephan El Shaarawy
79%
17 DF Colombia Cristián Zapata
73%
20 DF Italy Ignazio Abate
73%
34 MF Netherlands Nigel de Jong
73%
18 MF Italy Riccardo Montolivo
71%
- Coach Italy Massimiliano Allegri
67%
45 FW Italy Mario Balotelli
65%
76 DF Colombia Mario Yepes
60%
19 FW Senegal M'Baye Niang
60%
1 GK Italy Marco Amelia
58%
2 DF Italy Mattia De Sciglio
58%
8 MF Italy Antonio Nocerino
52%
16 MF France Mathieu Flamini
52%
21 MF Guinea Kévin Constant
50%
23 MF Italy Massimo Ambrosini
50%
28 MF Netherlands Urby Emanuelson
48%
14 MF Sierra Leone Rodney Strasser
44%
59 GK Brazil Gabriel
42%
11 FW Italy Giampaolo Pazzini
40%
77 DF Italy Luca Antonini
40%
25 DF Italy Daniele Bonera
38%
12 MF Mali Bakaye Traoré
35%
22 FW Spain Bojan Krkić
35%
15 DF Algeria Djamel Mesbah
35%
13 DF Italy Francesco Acerbi
27%
81 DF Italy Cristian Zaccardo
19%
35 DF Spain Dídac Vilà
17%
14 DF Poland Bartosz Salamon
15%
55 FW Spain Adrià Carmona
2%
51 GK Italy Ferdinando Coppola
2%
57 MF Italy Mattia Valoti
2%
No matching quizzes found
Score Distribution
Percent of People with Each Score
Percentile by Number Answered
Your Score History
You have not taken this quiz